| 000 | 00459nam a2200181Ia 4500 | ||
|---|---|---|---|
| 001 | 8696 | ||
| 005 | 20260306160628.0 | ||
| 008 | 260306t2012||||xx |||||||||||||| ||spa|| | ||
| 041 | _aESP | ||
| 082 |
_a371.3 _bF41 |
||
| 100 |
_aFernandez Martin, Jose Antonio _eAUT |
||
| 245 | 0 | _aCómo desarrollar las competencias básicas en el aula | |
| 260 | _c2012 | ||
| 300 |
_a197 páginas : _c21 cm. |
||
| 650 | _aGEN | ||
| 654 | _aCED | ||
| 942 |
_cLIB _dJUS _fJUS _2ddc _n |
||
| 999 |
_c8696 _d8696 |
||